| 000 | 02077cam a2200481 a 4500 | ||
|---|---|---|---|
| 001 | 13495752 | ||
| 003 | ARRUPE | ||
| 005 | 20151020150947.0 | ||
| 008 | 040220m20049999enk b 001 0 eng | ||
| 010 | _a 2004269730 | ||
| 020 | _a0567050599 (pbk.) (v. 1, pt. 1) | ||
| 020 | _a0567051692 (pbk.) (v. 2, pt. 1) | ||
| 020 | _a056705179X (pbk.) (v. 2, pt. 2) | ||
| 020 | _a0567050793 (pbk.) (v. 3, pt. 1) | ||
| 020 | _a0567050890 (pbk.) (v. 3, pt. 2) | ||
| 020 | _a0567050998 (pbk.) (v. 3, pt. 3) | ||
| 020 | _a0567051099 (pbk.) (v. 3, pt. 4) | ||
| 020 | _a0567051293 (pbk.) (v. 4, pt. 1) | ||
| 020 | _a0567051390 (pbk.) (v. 4, pt. 2) | ||
| 020 | _a0567051897 (pbk.) (v. 4, pt. 3.1) | ||
| 020 | _a0567051498 (pbk.) (v. 4, pt. 3.2) | ||
| 020 | _a0567051595 (pbk.) (v. 4, pt. 4) | ||
| 020 | _a0567051196 (pbk.) (Index) | ||
| 040 |
_aDLC _cDLC _dDLC |
||
| 041 | 1 |
_aeng _hger |
|
| 050 | 0 | 0 |
_aBT75.3 _b.B3713 2004 |
| 100 | 1 |
_aBarth, Karl, _d1886-1968. _912885 |
|
| 240 | 1 | 0 | _aKirchliche Dogmatik. |
| 245 | 1 | 0 |
_aChurch dogmatics / _cKarl Barth ; translator, G.W. Bromiley ; editors, G.W. Bromiley, T.F. Torrance. |
| 250 | _a1st pbk. ed. | ||
| 260 |
_aLondon ; _aNew York : _bT. & T. Clark International, _cc2004- |
||
| 300 |
_av. <I.1, II.1-2, III.1-4, IV.1-4, index > ; _c22 cm. |
||
| 500 | _aTranslator(s) vary from volume to volume. | ||
| 500 | _a"A Continuum imprint." | ||
| 504 | _aIncludes bibliographical references and indexes. | ||
| 505 | 1 | _av. 1, pt. 1. The doctrine of the word of God -- v. 2, pt. 1-2. The doctrine of God -- v. 3, pt. 1-4. The doctrine of creation -- v. 4, pt. 1-4. The doctrine of reconciliation -- [v. 5] Index volume with aids for the preacher. | |
| 650 | 0 |
_aTheology, Doctrinal. _920388 |
|
| 700 | 1 |
_aBromiley, Geoffrey William. _920389 |
|
| 700 | 1 |
_aTorrance, Thomas F. _q(Thomas Forsyth), _d1913-2007. _920390 |
|
| 906 |
_a7 _bcbc _corigcop _d2 _encip _f20 _gy-gencatlg |
||
| 942 |
_2lcc _cMONOGRAPH |
||
| 999 |
_c123562 _d123562 |
||